|
|
|
|
| LEADER |
01648nam a2200397 i 4500 |
| 001 |
EBC5770076 |
| 003 |
MiAaPQ |
| 005 |
20201113221932.0 |
| 006 |
m o d | |
| 007 |
cr cnu|||||||| |
| 008 |
201113s2017 cau o 000 0 mar d |
| 020 |
|
|
|z 9789353282349
|
| 020 |
|
|
|a 9789352804016
|q (electronic bk.)
|
| 035 |
|
|
|a (MiAaPQ)EBC5770076
|
| 035 |
|
|
|a (Au-PeEL)EBL5770076
|
| 035 |
|
|
|a (OCoLC)1101034314
|
| 040 |
|
|
|a MiAaPQ
|b eng
|e rda
|e pn
|c MiAaPQ
|d MiAaPQ
|
| 043 |
|
|
|a d------
|
| 050 |
|
4 |
|a HC59.7
|b .N378 2017
|
| 082 |
0 |
|
|a 338.90091724
|2 23
|
| 100 |
1 |
|
|a Naqvi, Syed Nawab Haider,
|e author.
|
| 245 |
1 |
0 |
|a Vikasache Arthshashtra :
|b Sarvsamveshak Vruddichya Dishene /
|c Syed Nawab Haider Naqvi.
|
| 264 |
|
1 |
|a Los Angeles, California :
|b Sage Publications,
|c 2017.
|
| 300 |
|
|
|a 1 online resource (292 pages)
|
| 336 |
|
|
|a text
|b txt
|2 rdacontent
|
| 337 |
|
|
|a computer
|b c
|2 rdamedia
|
| 338 |
|
|
|a online resource
|b cr
|2 rdacarrier
|
| 588 |
|
|
|a Description based on print version record.
|
| 590 |
|
|
|a Electronic reproduction. Ann Arbor, MI : ProQuest, 2018. Available via World Wide Web. Access may be limited to ProQuest affiliated libraries.
|
| 650 |
|
0 |
|a Economic development
|z Developing countries.
|
| 650 |
|
0 |
|a Economic development.
|
| 650 |
|
0 |
|a Economic policy.
|
| 655 |
|
4 |
|a Electronic books.
|
| 776 |
0 |
8 |
|i Print version:
|a Naqvi, Syed Nawab Haider.
|t Vikasache Arthshashtra : Sarvsamveshak Vruddichya Dishene.
|d Los Angeles, California : Sage Publications, 2017
|h 292 pages
|z 9789353282349
|
| 797 |
2 |
|
|a ProQuest (Firm)
|
| 856 |
4 |
0 |
|u https://ebookcentral.proquest.com/lib/matrademy/detail.action?docID=5770076
|z Click to View
|